00543cam a22002291 4500001001300000003000400013005001700017008004100034010001700075025001900092035002000111040002100131042001200152050001800164100002700182245003100209260001100240300001900251500001300270500001300283999001700296sa 67003885 DLC20260227112342.0940603s1966 pk 000 1 urdo  asa 67003885  aPL480:P-U-1630 a(OCoLC)30542954 aDLCcCUdCUdDLC apremarc00aPK2200.N6bY30 aNoor-us-Sabah,cBegum.10aYādon̲ ke carāg̲h̲. c[1966] a624 p.c19 cm. aIn Urdu. aA novel. c74145d74145